| 000 | 00705nam a22002417a 4500 | ||
|---|---|---|---|
| 003 | UA-OsUOA | ||
| 001 | 47782 | ||
| 007 | ta | ||
| 008 | 20120914b un ||||| |||| 00| 0 ukr d | ||
| 100 | _aWichar N.K. | ||
| 090 | _a94(477).152 США | ||
| 942 | _cBK | ||
| 040 |
_aUA-OsUOA _beng _cUA-OsUOA _dUA-OsUOA |
||
| 245 | _aUkrainians of Metropolitan Detroit | ||
| 300 | _a127 p. | ||
| 955 | _a4 | ||
| 041 | _aeng | ||
| 080 | _a94(477).152 США | ||
| 260 |
_aCharleston _bArcadia Publishing _c2009 |
||
| 650 | 7 |
_a9 Географія. Біографії. Історія _2UDC |
|
| 999 |
_c427884 _d427884 |
||